| 000 | 00553nam a2200217 4500 | ||
|---|---|---|---|
| 008 | b xx# fre u | ||
| 020 | _a2100505831 | ||
| 020 | _a9782100505838 | ||
| 040 | _aLB-BrCRDP | ||
| 082 | _a150.151/BAL | ||
| 100 | 1 | _aBallouard,christian | |
| 130 | 0 | _lFR | |
| 245 | 1 | 0 |
_ale travail du psychomotricien _cchristian Ballouard |
| 250 | _a2e | ||
| 260 |
_aParis _bDunod _c2006 |
||
| 300 |
_a245p.; _c24cm |
||
| 490 | 0 | _aPsychothérapies | |
| 650 | _aPsychomoticité | ||
| 942 | _cBK | ||
| 999 |
_c17005 _d17005 |
||